000 00393nam a2200145 a 4500
001 000030880
005 20200930062551.0
008 110602s1969 dr 000 0 spa d
040 _aDO-SdBNP
_bspa
_cBNPHU
100 1 _aSarlouis, Clara
_957413
245 1 0 _aChispas /
_cClara Sarlouis.
260 _aSanto Domingo :
_bEditorial del Caribe,
_c1969.
300 _a79 p. ;
_c24 cm.
049 _aBNPD
999 _c30372
_d30372